Statistics for Countries of Europe - with a map but no incentives

Click here to take the quiz!

General Stats

  • This quiz has been taken 1,112 times
  • The average score is 41 of 45

Answer Stats

Country% Correct
United Kingdom
97%
Finland
96%
Ireland
96%
Sweden
96%
France
95%
Germany
95%
Iceland
95%
Norway
95%
Portugal
95%
Spain
95%
Russia
94%
Belgium
93%
Greece
93%
Italy
93%
Austria
92%
Denmark
92%
Estonia
92%
Latvia
92%
Hungary
91%
Lithuania
91%
Netherlands
91%
Poland
91%
Romania
91%
Slovakia
91%
Ukraine
91%
Albania
90%
Slovenia
90%
Switzerland
90%
Andorra
89%
Croatia
89%
Czech Republic
89%
Luxembourg
89%
Vatican City
89%
Belarus
87%
Bulgaria
87%
Monaco
87%
Serbia
87%
Bosnia and Herzegovina
86%
Liechtenstein
86%
Malta
86%
Macedonia
84%
Moldova
84%
San Marino
84%
Kosovo
83%
Montenegro
83%

Score Distribution

Percentile by Number Answered

Percent of People with Each Score

Your Score History

You have not taken this quiz